| Tag |
First Indicator |
Second Indicator |
Subfields |
| LEADER |
00000cam a2200000 a 4500 |
| 001 |
in00001568430 |
| 005 |
20151022082819.0 |
| 008 |
000923s2000 enk b 101 0 eng d |
| 010 |
|
|
|a 00703239
|
| 015 |
|
|
|a GB99-U6732
|
| 020 |
|
|
|a 0199202354 (acid-free paper)
|
| 035 |
|
|
|a (OCoLC)ocm42953205
|
| 040 |
|
|
|a UKM
|c DLC
|d UKM
|d C#P
|d TXA
|d UtOrBLW
|
| 042 |
|
|
|a lccopycat
|
| 043 |
|
|
|a e-uk---
|a e-gx---
|
| 049 |
|
|
|a TXAM
|
| 050 |
0 |
0 |
|a DA1
|b .B77 2000
|
| 082 |
0 |
0 |
|a 941/.007/2
|2 21
|
| 245 |
0 |
0 |
|a British and German historiography, 1750-1950 :
|b traditions, perceptions, and transfers /
|c edited by Benedikt Stuchtey and Peter Wende.
|
| 264 |
|
1 |
|a Oxford ;
|a New York :
|b Oxford University Press,
|c 2000.
|
| 300 |
|
|
|a viii, 438 pages ;
|c 23 cm.
|
| 336 |
|
|
|a text
|b txt
|2 rdacontent
|
| 337 |
|
|
|a unmediated
|b n
|2 rdamedia
|
| 338 |
|
|
|a volume
|b nc
|2 rdacarrier
|
| 490 |
1 |
|
|a Studies of the German Historical Institute London
|
| 500 |
|
|
|a "German Historical Institute London."
|
| 500 |
|
|
|a "This volume is based on a conference on British and German historiography from the eighteenth to the twentieth centuries held at Cumberland Lodge in July 1996"--Foreword.
|
| 504 |
|
|
|a Includes bibliographical references (pages [410]-421) and index.
|
| 651 |
|
0 |
|a Great Britain
|x Historiography
|v Congresses.
|
| 650 |
|
0 |
|a Historiography
|z Great Britain
|v Congresses.
|
| 651 |
|
0 |
|a Germany
|x Historiography
|v Congresses.
|
| 650 |
|
0 |
|a Historiography
|z Germany
|v Congresses.
|
| 650 |
|
0 |
|a Historiography
|v Congresses.
|
| 700 |
1 |
|
|a Stuchtey, Benedikt.
|
| 700 |
1 |
|
|a Wende, Peter.
|
| 710 |
2 |
|
|a German Historical Institute in London.
|
| 830 |
|
0 |
|a Studies of the German Historical Institute London.
|
| 948 |
|
|
|a cataloged
|b h
|c 2000/11/2
|d c
|e jspillan
|f 1:58:39 pm
|
| 994 |
|
|
|a E0
|b TXA
|
| 999 |
|
|
|a MARS
|
| 999 |
f |
f |
|s 24873ff6-9184-3a10-b516-694048bc1590
|i 8a2aeb3f-df07-30db-ac7c-79e1f8af734c
|t 0
|
| 952 |
f |
f |
|p normal
|a Texas A&M University
|b College Station
|c Sterling C. Evans Library
|d Evans: Library Stacks
|t 0
|e DA1 .B77 2000
|h Library of Congress classification
|i unmediated -- volume
|m A14826643556
|
| 998 |
f |
f |
|a DA1 .B77 2000
|t 0
|l Evans: Library Stacks
|